000 00356nam a2200121Ia 4500
008 241028s9999 xx 000 0 und d
041 _aeng
082 _a658.301 CLA
100 _aNina Clarke
245 _aSustainable Human Resource Management: Strategies, Practices And Challenges
260 _bClanrye International
_aUSA
_c2023
300 _a245;. P. 28 cm
999 _c42939
_d42939